| 000 | 00425nam a2200181Ia 4500 | ||
|---|---|---|---|
| 008 | 210210b1932 xxu||||| |||| 00| 0 eng d | ||
| 041 | _aeng | ||
| 082 | _a825/171 | ||
| 100 | _aCHARLTON (H B) | ||
| 245 | _aArt of literary study | ||
| 260 |
_aLondon _bSir Isaac Pitman & Sons Ltd., _c1932 |
||
| 650 | _astudy | ||
| 650 | _aof | ||
| 650 | _aliterary | ||
| 650 | _aArt | ||
| 690 | _aEnglish Criticism | ||
| 906 | _a014488 | ||
| 999 |
_c133671 _d133671 |
||